000 01261nam a2200301 i 4500
003 DO-SdBNP
005 20240220124917.0
007 ta
008 240220s1987 ve a 000 j spa d
040 _aDO-SdBNP
_bspa
_cBNPHU
_erda
082 _bH565
_222
100 1 _aHerrero, Ricardo
_984613
245 1 3 _aTestigos de JESÚS :
_b6to. curso /
_cRicardo Herrero
264 1 _aCaracas, Venezuela :
_bCaracas,
264 1 _aSanto Domingo
_bSaturno,
_c1987.
300 _a64 páginas
_c22 cm.
_bIlustraciones
336 _2rdacontent
_atexto
_btxt
337 _2rdamedia
_asin mediación
_bn
338 _2rdacarrier
_avolumen
_bnc
490 1 _aVida
500 _aLibro de texto.
500 _aLa colección de textos de religión y moral denominada "Vida", ha sido aprobada por la conferencia del Episcopado Dominicano y la Secretaría de Estado de Educación, Bellas Artes y Cultos para ser utilizada en todos los cursos de la educación básica (nivel primario). Santo Domingo, julio 1987.
500 _aEdición especial autorizada a la Unión Nacional de Colegios Católicos de Rep. Dom.
500 _aEl ejemplar numero 2 fue realizado e impreso en Venezuela.
590 _aInventariado, 2024/ YL
910 _aYLockward
942 _2ddc
_cLBS1
999 _c55980
_d55980